000 00234nam a2200109Ia 4500
999 _c8786
_d8786
020 _a978-0273704010
100 _aLeon G. Schiffman
245 0 _aConsumer Behavior
260 _aNew Delhi
_bPrentice
_c2004
300 _a174
942 _cBK